书目信息 |
| 题名: |
加布里埃尔·巴西利科
|
|
| 作者: | 巴西利科 著 ;刘芳志 译 | |
| 分册: | ||
| 出版信息: | 北京 北京美术摄影出版社 2016 |
|
| 页数: | 95页 | |
| 开本: | 21cm | |
| 丛书名: | ||
| 单 册: | ||
| 中图分类: | J431(546) | |
| 科图分类: | ||
| 主题词: | 摄影集--意大利--现代 | |
| 电子资源: | ||
| ISBN: | 978-7-80501-842-3 | |
| 000 | 00889nam0 2200241 450 | |
| 001 | 3519 | |
| 005 | 20180527163549.08 | |
| 010 | @a978-7-80501-842-3@dCNY59.00 | |
| 100 | @a20160411d2016 em y0chiy50 ea | |
| 101 | 1 | @achi@cita |
| 102 | @aCN@b110000 | |
| 105 | @aa z 000yy | |
| 200 | 1 | @a加布里埃尔·巴西利科@9jia bu li ai er · ba xi li ke@b专著@e都市生活@f(意)加布里埃尔·巴西利科著@g刘芳志译 |
| 210 | @a北京@c北京美术摄影出版社@d2016 | |
| 215 | @a95页@c照片@d21cm | |
| 330 | @a本书是作者2000年整理创作的,包括两次在米兰的诺好玛-泰勒沙·普莫多洛大剧院的演讲。作品里包含了作者的摄影作品。 | |
| 517 | 1 | @a都市生活@9du shi sheng huo |
| 606 | 0 | @a摄影集@y意大利@z现代 |
| 690 | @aJ431(546)@v5 | |
| 701 | 0 | @c(意)@a巴西利科@9ba xi li ke@c(Basilico, Gabriele@f1944-2013)@4著 |
| 702 | 0 | @a刘芳志@9liu fang zhi@4译 |
| 801 | 0 | @aCN@b91MARC@c20160516 |
| 905 | @aMuseLib@dJ431(546)@e373 | |
| 加布里埃尔·巴西利科:都市生活/(意)加布里埃尔·巴西利科著/刘芳志译.-北京:北京美术摄影出版社,2016 |
| 95页:照片;21cm |
| ISBN 978-7-80501-842-3:CNY59.00 |
| 本书是作者2000年整理创作的,包括两次在米兰的诺好玛-泰勒沙·普莫多洛大剧院的演讲。作品里包含了作者的摄影作品。 |
| ● |
| 相关链接 |
|
|
|
|
正题名:加布里埃尔·巴西利科
索取号:J431(546)/373
 
预约/预借
| 序号 | 登录号 | 条形码 | 馆藏地/架位号 | 状态 | 备注 |
| 1 | 1109524 | 211095241 | 第一样本阅览室/ [索取号:J431(546)/373] | 在馆 | |
| 2 | 1109525 | 211095250 | 教育系资料室/ [索取号:J431(546)/373] | 在馆 | |
| 3 | 1109526 | 211095269 | 教育系资料室/ [索取号:J431(546)/373] | 在馆 | |
| 4 | 1109527 | 211095278 | 第一借阅区/ [索取号:J431(546)/373] | 在馆 |